[Event "HUN-chT2 Szechenyi 0506"]
[Site "Hungary"]
[Date "2006.02.12"]
[Round "7"]
[White "Soponyai, Andras"]
[Black "Soos, Lajos"]
[Result "1-0"]
[WhiteElo "2118"]
[BlackElo "2058"]
[PlyCount "145"]
[EventDate "2005.10.16"]
[EventType "team-tourn"]
[EventRounds "11"]
[EventCountry "HUN"]
[SourceTitle "EXT 2009"]
[Source "ChessBase"]
[SourceDate "2008.11.26"]
[SourceVersion "1"]
[SourceVersionDate "2008.11.26"]
[SourceQuality "1"]
[WhiteTeam "HVSE Infraplan II"]
[BlackTeam "Lenti"]
[WhiteTeamCountry "HUN"]
[BlackTeamCountry "HUN"]

1. e4 e5 2. Nf3 Nf6 3. Nc3 Bb4 4. Bc4 0-0 5. d3 d5 6. exd5 Nxd5 7. Bd2 Bxc3 8. bxc3 Bg4 9. 0-0 c6 10. h3 Bxf3 11. Qxf3 Nb6 12. Bb3 Qd6 13. Rfe1 N8d7 14. Qf5 Nd5 15. c4 Ne7 16. Qe4 Ng6 17. h4 Nf6 18. Qf5 Nxh4 19. Qxe5 Qxe5 20. Rxe5 Ng6 21. Re2 Rfe8 22. Rae1 Rxe2 23. Rxe2 Re8 24. Kf1 c5 25. Rxe8+ Nxe8 26. c3 Nd6 27. f3 Kf8 28. Be3 b6 29. d4 Nb7 30. Bc2 Ne7 31. Be4 cxd4 32. cxd4 Nd6 33. Bd3 Nc6 34. Ke2 Nb4 35. a3 Nxd3 36. Kxd3 Ke7 37. Kc3 Kd7 38. Kb4 Kc6 39. a4 Nf5 40. Bf2 h5 41. a5 h4 42. d5+ Kb7 43. axb6 axb6 44. Kc3 g5 45. Kd3 Nd6 46. Be3 f6 47. Bd4 f5 48. Bf6 Nf7 49. Kd4 Kc7 50. f4 gxf4 51. Bxh4 Kd6 52. Bf6 Nh6 53. Be5+ Kd7 54. Bxf4 Ng4 55. g3 Kd8 56. d6 Ke8 57. Kd5 Kd7 58. Bg5 Nf2 59. Be3 Ne4 60. Bf4 Nf2 61. c5 bxc5 62. Kxc5 Nd3+ 63. Kd5 Nb4+ 64. Ke5 Nc6+ 65. Kxf5 Nd4+ 66. Ke4 Ne6 67. g4 Nxf4 68. Kxf4 Kxd6 69. Kg5 Ke7 70. Kh6 Kf7 71. g5 Kg8 72. Kg6 Kh8 73. Kf7 1-0

[Event "HUN-chT2 Szechenyi 0506"]
[Site "Hungary"]
[Date "2005.10.16"]
[Round "1"]
[White "Soos, Lajos"]
[Black "Deak, Laszlo"]
[Result "1/2-1/2"]
[WhiteElo "2058"]
[BlackElo "2110"]
[PlyCount "120"]
[EventDate "2005.10.16"]
[EventType "team-tourn"]
[EventRounds "11"]
[EventCountry "HUN"]
[SourceTitle "EXT 2009"]
[Source "ChessBase"]
[SourceDate "2008.11.26"]
[SourceVersion "1"]
[SourceVersionDate "2008.11.26"]
[SourceQuality "1"]
[WhiteTeam "Lenti"]
[BlackTeam "Zala Volan"]
[WhiteTeamCountry "HUN"]
[BlackTeamCountry "HUN"]

1. e4 e5 2. Nc3 Nf6 3. Bc4 Nc6 4. d3 Bb4 5. Nge2 d5 6. exd5 Nxd5 7. 0-0 Be6 8. Ne4 Qe7 9. Ng5 0-0-0 10. Nxe6 fxe6 11. c3 Bd6 12. Ng3 Nf4 13. Ne4 Na5 14. Bb5 c6 15. Ba4 Bc7 16. Bxf4 exf4 17. Qe2 b5 18. Bc2 h5 19. b4 Nb7 20. a4 Qh4 21. Nd2 Qxh2+ 22. Kxh2 f3+ 23. Kh3 fxe2 24. Rfe1 bxa4 25. Rxe2 g5 26. g3 g4+ 27. Kg2 h4 28. Ne4 Nd6 29. Rxa4 Nxe4 30. Rxe4 h3+ 31. Kh2 Rdf8 32. Re2 Rf3 33. Ra2 e5 34. d4 Rhf8 35. Be4 Rxc3 36. dxe5 Bb6 37. Rec2 Rxc2 38. Rxc2 Rxf2+ 39. Rxf2 Bxf2 40. Bxc6 a6 41. Ba4 Kd8 42. b5 a5 43. Bd1 Bd4 44. e6 Kc7 45. Bxg4 Bf6 46. Bd1 Bd8 47. Kxh3 Kd6 48. Bb3 Kc5 49. Ba4 Kd6 50. Bb3 Kc5 51. Kg4 Kxb5 52. Kf5 Kc6 53. Kg6 Kd6 54. Kf7 Be7 55. g4 Bd8 56. Ba2 a4 57. Kg6 Ke5 58. Kh6 Kf4 59. Kh5 Bg5 60. Bd5 a3 1/2-1/2